000
00324nam a22001457a 4500
020
_a
81-274-0149-8
082
_a
823
_b
BER/F
100
_a
BERK, TOMS
245
_a
FAMOUSE FOLK TALES
250
_a
1
260
_a
KOTTAYAM
_b
AVANTI PUBLICATIONS
_c
2009
300
_a
71
650
_a
ENGLISH SHORT STORY
_z
KERALA
942
_c
BK
999
_c
3488
_d
3488